000 00502nam a2200169Ia 4500
008 220216s9999 xx 000 0 und d
100 _aSivakumaran S
245 4 _aThe effect of direction of tapping and position of cut on yield responses to stimulation
260 _bJournal of the Rubber Research Institute of Malaysia
_c1985
300 _a83-104
650 _aTapping cut
650 _aYield
650 _aYield stimulation
700 _aAbraham P D
700 _aHashim Ismail
942 _cJS
999 _c70611
_d70611